[Event "Granada Region-ch"]
[Site "Granada"]
[Date "2013.??.??"]
[Round "2.9"]
[White "Morales Lopez, Lidia"]
[Black "Diaz Molina, Ruben"]
[Result "0-1"]
[WhiteElo "1003"]
[BlackElo "1262"]
[PlyCount "52"]
[EventDate "2013.01.20"]
[EventType "swiss"]
[EventRounds "6"]
[EventCountry "ESP"]
[SourceTitle "EXT 2024"]
[Source "ChessBase"]
[SourceDate "2023.10.10"]
[SourceVersion "1"]
[SourceVersionDate "2023.10.10"]
[SourceQuality "1"]

1. e4 e5 2. Nf3 Nc6 3. Nc3 Nf6 4. Bc4 Bc5 5. 0-0 0-0 6. b3 d6 7. Ng5 h6 8. Bxf7+ Rxf7 9. Nxf7 Kxf7 10. Nd5 Nxd5 11. exd5 Nb4 12. Qh5+ Kg8 13. c3 Nxd5 14. c4 Nf4 15. Qf3 Qf8 16. d3 Nh3+ 17. Kh1 Qxf3 18. gxf3 Nxf2+ 19. Kg2 Bh3+ 20. Kg1 Nxd3+ 21. Rf2 Nxf2 22. Be3 Bxe3 23. Re1 Bd4 24. Re2 Nd3+ 25. Kh1 Nf4 26. Re4 Bg2# 0-1